| 000 | 00440 a2200169 4500 | ||
|---|---|---|---|
| 003 | OSt | ||
| 005 | 20231207122010.0 | ||
| 008 | 231207b |||||||| |||| 00| 0 eng d | ||
| 020 | _a8189645463 | ||
| 020 | _a9788189920050 | ||
| 020 | _a9788189920197 | ||
| 040 | _coclc | ||
| 082 |
_a952 _bSYE/W |
||
| 245 | _aWorld infopaedia. Japan / | ||
| 300 | _a2 parts, 739 pages | ||
| 942 |
_2ddc _cBK _h952 _iSYE/W _k952 _mSYE/W |
||
| 999 |
_c43746 _d43746 |
||